Southville International School and Colleges
Your cart is empty.
  • Cart
  • Lists
    Public lists Eva Luna New books Lux_list list_1
    Your lists Log in to create your own lists
  • Log in to your account
  • Your cookies
  • Search history
Southville International School and Colleges
  • Advanced search
  • Recent comments
  • Most popular
  • Libraries

Log in to your account

Log in with GOOGLE


If you do not have an external account, but do have a local account, you can still log in:

  1. Home
  2. MARC view: Hide & seek:
Normal view MARC view ISBD view

Hide & seek: (Record no. 115095)

[ view plain ]
MARC details
000 -LEADER
fixed length control field 00548nam a2200193 a 4500
005 - DATE AND TIME OF LATEST TRANSACTION
control field 20140414132122.0
008 - FIXED-LENGTH DATA ELEMENTS--GENERAL INFORMATION
fixed length control field 121010s19uu xx 00 eng d
020 ## - INTERNATIONAL STANDARD BOOK NUMBER
International Standard Book Number 0709713819
050 ## - LIBRARY OF CONGRESS CALL NUMBER
Classification number REF 428.1
Item number Cl592 2000
100 ## - MAIN ENTRY--PERSONAL NAME
Personal name Clark, Colin
245 ## - TITLE STATEMENT
Title Hide & seek:
Remainder of title one thousand words and pictures.
260 ## - PUBLICATION, DISTRIBUTION, ETC. (IMPRINT)
Place of publication, distribution, etc England :
Name of publisher, distributor, etc Brown Watson,
Date of publication, distribution, etc 2000.
300 ## - PHYSICAL DESCRIPTION
Extent 80
650 ## - SUBJECT ADDED ENTRY--TOPICAL TERM
Topical term or geographic name as entry element words-vocabulary-search.
650 ## - SUBJECT ADDED ENTRY--TOPICAL TERM
Topical term or geographic name as entry element pictures-search.
700 ## - ADDED ENTRY--PERSONAL NAME
Personal name Terry Burton ( pictures by)
700 ## - ADDED ENTRY--PERSONAL NAME
Personal name Stephen Holmes (pictures by)
Holdings
Withdrawn status Lost status Damaged status Home library Current library Shelving location Date acquired Source of acquisition Total Checkouts Full call number Barcode Date last seen Price effective from Koha item type
      Munich Library Munich Library Reference Section 10/10/2012     REF 428.1 Cl592 2000 M7093 04/14/2014 04/14/2014 Books

Hide & seek:

APA

Clark C., Terry Burton ( pictures by) & Stephen Holmes (pictures by). (2000). Hide & seek. England: Brown Watson.

Chicago

Clark Colin, Terry Burton ( pictures by) and Stephen Holmes (pictures by). 2000. Hide & seek. England: Brown Watson.

Harvard

Clark C., Terry Burton ( pictures by) and Stephen Holmes (pictures by). (2000). Hide & seek. England: Brown Watson.

MLA

Clark Colin, Terry Burton ( pictures by) and Stephen Holmes (pictures by). Hide & seek. England: Brown Watson. 2000.

  • Place hold
  • Print
  • Cite
  • Add to your cart (remove)
  • Save record
    BIBTEX Dublin Core MARCXML MARC (non-Unicode/MARC-8) MARC (Unicode/UTF-8) MARC (Unicode/UTF-8, Standard) MODS (XML) RIS
  • More searches
    Search for this title in:
    Other Libraries (WorldCat) Other Databases (Google Scholar) Online Stores (Bookfinder.com) Open Library (openlibrary.org)

Exporting to Dublin Core...

SOUTHVILLE LIBRARY

Southville International School and Colleges Library

1281 Tropical Ave. Cor. Luxembourg St., BF Homes International, Las Pinas City

Tel. No. 8256374 / 252358 Loc. 117/146

Powered by Koha